Words that Rhyme with Key - Statistics

General Stats
  • This quiz has been taken 148 times
    64 since last reset
  • The average score is 15 of 19
Answer Stats
Hint Answer % Correct
Joint in the leg Knee
98%
Third person feminine pronoun She
95%
Third person masculine pronoun He
93%
First person pronoun Me
91%
Not enslaved Free
89%
Green spherical vegetable Pea
86%
Damages, or a fine Fee
84%
Joy Glee
84%
For drinking with crumpets Tea
82%
The last letter, in America Zee
81%
A Frenchman's yes Oui
79%
Shakespearean "you" Thee
79%
An exclamation that goes great with whiz Gee
75%
Pre-lumber Tree
74%
Dog biter Flea
65%
Chinese energy flow through the body Qi
65%
The not windy side of something Lee
60%
Apis mellifera Bee
51%
A 'Twisted' Snider Dee
21%
No matching quizzes found
Score Distribution
Percent of People with Each Score
Percentile by Number Answered
Your Score History
You have not taken this quiz since the last reset